000 00343nam a2200157Ia 4500
003 OSt
005 20240203144134.0
008 170524s9999 xx 000 0 und d
020 _a 8178220148
040 _cIIMT
100 _aThompson- Dennis
245 4 _aThe Ayurvedic Diet
260 _bNew age Books
260 _c1999
942 _2ddc
_c02
999 _c6398
_d6398